| 000 | 00464nam a2200169 a 4500 | ||
|---|---|---|---|
| 005 | 20140412111313.0 | ||
| 008 | 010323s19uu xx 00 eng d | ||
| 020 | _a0-307-10408-7 | ||
| 050 |
_aER _bSl1 1986 |
||
| 245 |
_aSleeping Beauty / _cillustrated by Ron Dias. |
||
| 260 |
_aNew York : _bA Golden Book, _c1986. |
||
| 300 | _a1 v. (unp.) ; ill. | ||
| 440 | _aWalt Disney's Classic | ||
| 650 | _aFairy Tales | ||
| 650 | _aChildren stories | ||
| 999 |
_c104088 _d104088 |
||